S.D JUDGEMENT AND HOW TO WRITE THEM (Record no. 216928)

MARC details
000 -LEADER
fixed length control field 00390nam a22001457a 4500
008 - FIXED-LENGTH DATA ELEMENTS--GENERAL INFORMATION
fixed length control field 260408b |||||||| |||| 00| 0 eng d
050 ## - LIBRARY OF CONGRESS CALL NUMBER
Classification number KNS 3672.S56 2005
100 ## - MAIN ENTRY--PERSONAL NAME
Personal name DR.PRAKASH R.
245 ## - TITLE STATEMENT
Title S.D JUDGEMENT AND HOW TO WRITE THEM
260 ## - PUBLICATION, DISTRIBUTION, ETC.
Place of publication, distribution, etc. INDIA
Name of publisher, distributor, etc. EASTERN BOOK COMPANY
Date of publication, distribution, etc. 2005
300 ## - PHYSICAL DESCRIPTION
Extent X,183
500 ## - GENERAL NOTE
General note INCLUDES SUBJECT INDEX
942 ## - ADDED ENTRY ELEMENTS (KOHA)
Source of classification or shelving scheme Library of Congress Classification
Koha item type Long Loan Book
Holdings
Withdrawn status Lost status Source of classification or shelving scheme Damaged status Not for loan Collection Home library Current library Shelving location Date acquired Inventory number Total checkouts Full call number Barcode Date last seen Copy number Price effective from Koha item type
    Library of Congress Classification     Law Kisii University Library Kisii University Library On Display 04/08/2026 111617   KNS 3672.S56 2005 A000116 04/08/2026 C.1 04/08/2026 Long Loan Book